000 00544nam a2200181Ia 4500
005 20250508161742.0
008 008 250505s9999 xx 000 0 eng d
037 _aTextual
040 _aFEDL
_beng
_cFEDL
041 _aeng
_2eng
084 _aF, BLY
_qFEDL
100 _aBlyton Enid
245 0 _aFive go off to camp: The seventh story of the adventures of the four children and their dog
260 _aLondon, UK
_bHodder and Stoughton Limited
_c1956
300 _a188p
942 _cTEXL
_hF, BLY
999 _c1371901
_d1371901